| 000 | 00992nam a2200289 a 4500 | ||
|---|---|---|---|
| 001 | 65867 | ||
| 003 | BD-RjUL | ||
| 005 | 20211209081456.0 | ||
| 008 | 170313s1994 nyua b 001 0 eng | ||
| 020 | _a0387941428 (New York : acidfree paper) | ||
| 020 | _a3540941428 (Berlin : acidfree paper) | ||
| 035 | _a(BD-RjUL)65997 | ||
| 040 |
_aDLC _cDLC _dBD-RjUL _beng |
||
| 041 | _aeng | ||
| 082 | 0 | 0 |
_a610.72 _223 _bKIL 1994 |
| 100 | 1 |
_aKleinbaum, David G. _9182256 |
|
| 245 | 1 | 0 |
_aLogistic regression : _ba self-learning text / _cDavid G. Kleinbaum. |
| 260 |
_aNew York : _bSpringer, _cc1994. |
||
| 300 |
_axiii, 282 p. : _bill. ; _c25 cm. |
||
| 490 | 1 | _aStatistics in the health sciences | |
| 504 | _aIncludes bibliographical references (p. 275-276) and index. | ||
| 650 | 0 |
_aMedicine _xResearch _xStatistical methods. _9194777 |
|
| 650 | 0 |
_aRegression analysis. _9194778 |
|
| 650 | 0 |
_aLogistic distribution. _9194779 |
|
| 830 | 0 |
_aSpringer series in statistics. _9182258 |
|
| 942 |
_2ddc _cBK |
||
| 999 |
_c65867 _d65867 |
||